| 000 | 00442nam a2200181Ia 4500 | ||
|---|---|---|---|
| 001 | 21440 | ||
| 005 | 20260306172919.0 | ||
| 008 | 260306t2010||||xx |||||||||||||| ||spa|| | ||
| 041 | _aESP | ||
| 082 |
_a345 _bM77 T. 3 |
||
| 100 |
_aMontero Aroca, Juan _eAUT |
||
| 245 | 0 |
_aDerecho jurisdiccional III: _bproceso penal |
|
| 260 | _c2010 | ||
| 300 |
_a000 páginas : _c24 cm. |
||
| 650 | _aGEN | ||
| 654 | _aCDE | ||
| 942 |
_cLIB _dJUS _fJUS _2ddc _n |
||
| 999 |
_c21440 _d21440 |
||